Rizika využívání offshoringu při podnikání firmy
Zvyšovanie efektívnosti prostredníctvom využívania offshoringu. Prenesenie firemných činností na externého dodávateľa na základe zmluvy v rámci jednej krajiny. Strategické činnosti a outsourcing. Praktické skúsenosti.
Salvato in:
| Autore principale: | |
|---|---|
| Natura: | Capitolo di libro |
| Lingua: | ceco |
| Soggetti: | |
| Tags: |
Nessun Tag, puoi essere il primo ad aggiungerne!!
|
MARC
| LEADER | 00000naa a2200000 4500 | ||
|---|---|---|---|
| 001 | 0124060 | ||
| 005 | 20240502083315.1 | ||
| 041 | 0 | |a cze | |
| 044 | |a CZ | ||
| 245 | 1 | 0 | |a Rizika využívání offshoringu při podnikání firmy |c Peter Jamnický |
| 520 | |a Zvyšovanie efektívnosti prostredníctvom využívania offshoringu. Prenesenie firemných činností na externého dodávateľa na základe zmluvy v rámci jednej krajiny. Strategické činnosti a outsourcing. Praktické skúsenosti. | ||
| 610 | 2 | 0 | |a manažment strategický |
| 610 | 2 | 0 | |a stratégia podnikateľská |
| 610 | 2 | 0 | |a podnikanie |
| 610 | 2 | 0 | |a konkurencieschopnosť |
| 610 | 2 | 0 | |a výroba |
| 610 | 2 | 0 | |a efektívnosť |
| 610 | 2 | 0 | |a dodávatelia |
| 610 | 2 | 0 | |a offshoring |
| 610 | 2 | 0 | |a outsourcing |
| 100 | 1 | |a Jamnický, Peter | |